000
00252nam a2200109Ia 4500
999
_c
6741
_d
6741
020
_a
978-0716736783
100
_a
Anderson,John R.
245
0
_a
Cognitive Psychology and its implications
260
_a
New York
_b
CRC
_c
1990
300
_a
519
942
_c
BK